Ομάδες Superleague 2024-25 - Statistics

General Stats
  • This quiz has been taken 156 times
  • The average score is 12 of 14
Answer Stats
Ομάδες % Correct
ΠΑΟΚ
100%
Ολυμπιακός ΣΦΠ
98%
Άρης
97%
ΑΕΚ
96%
Παναθηναϊκός ΑΟ
96%
ΟΦΗ
88%
Αστέρας Τρίπολης
82%
Παναιτωλικός ΓΦΣ
77%
Ατρόμητος
75%
ΠΑΣ Λαμία 1964
73%
Βόλος ΝΠΣ
71%
Λεβαδειακός
68%
Καλλιθέα
68%
Πανσερραϊκός
65%
No matching quizzes found
Score Distribution
Percent of People with Each Score
Percentile by Number Answered
Your Score History
You have not taken this quiz